00329nam a2200133Ia 4500008004100000041000800041082001400049100001700063245002500080260003000105300000800135650003300143999001900176230516s1939 xx 000 0 und d aeng a574.1/JAK aJackson S,M  aAnatomy & Physiology bBOOK SOCIETY LANDONc1939 a321 aHUMAN ANATOMY AND PHYSIOLOGY c384835d384835